Janumán: (Registro nro. 14578)

Detalles MARC
000 -LEADER
fixed length control field 01224nam a2200325 i 4500
003 - CONTROL NUMBER IDENTIFIER
control field DO-SdBNP
005 - DATE AND TIME OF LATEST TRANSACTION
control field 20240304114437.0
007 - PHYSICAL DESCRIPTION FIXED FIELD--GENERAL INFORMATION
fixed length control field ta
008 - FIXED-LENGTH DATA ELEMENTS--GENERAL INFORMATION
fixed length control field 220628t2021 dr a|jr|||| 00| jdspa d
020 ## - INTERNATIONAL STANDARD BOOK NUMBER
International Standard Book Number 9789945240146
040 ## - CATALOGING SOURCE
Original cataloging agency DO-SdBNP
Language of cataloging spa
Transcribing agency BPMSU
Description conventions rda
082 #4 - DEWEY DECIMAL CLASSIFICATION NUMBER
Classification number RD863.44
Item number V443j 2021
Edition number 22
100 1# - MAIN ENTRY--PERSONAL NAME
Personal name Veloz Maggiolo, Marcio,
Dates associated with a name 1936-2021
100 z# - MAIN ENTRY--PERSONAL NAME
Personal name Maggiolo, Marcio Veloz
245 10 - TITLE STATEMENT
Title Janumán:
Remainder of title historia de un león que comía batatas y de un mono llamado Janumán. /
Statement of responsibility, etc. Marcio Veloz Maggiolo ; edición Luis Beiro Álvarez; ilustraciones; Tulio Matos.
260 ## - PUBLICATION, DISTRIBUTION, ETC. (IMPRINT)
Place of publication, distribution, etc. Santo Domingo :
Name of publisher, distributor, etc. Santillana Infantil y Juvenil,
Date of publication, distribution, etc. 2021
300 ## - PHYSICAL DESCRIPTION
Extent 45 páginas :
Other physical details Ilustraciones ;
Dimensions 20 cm.
336 ## - CONTENT TYPE
Source rdaconten
Content type term texto
Content type code txt
337 ## - MEDIA TYPE
Source rdamedia
Media type term sin medición
Media type code n
338 ## - CARRIER TYPE
Source rdacarrier
Carrier type term volumen
Carrier type code nc
490 #0 - SERIES STATEMENT
Series statement loQueleo;
-- Naranja / Novela,
Volume/sequential designation +10
500 ## - GENERAL NOTE
General note Incluye datos biográficos del autor en la p. 45
590 ## - LOCAL NOTE (RLIN)
Local note Inventariado 2024 / VM
650 #4 - SUBJECT ADDED ENTRY--TOPICAL TERM
Topical term or geographic name as entry element Cuentos infantiles dominicanos
650 #4 - SUBJECT ADDED ENTRY--TOPICAL TERM
Topical term or geographic name as entry element Literatura infantil dominicana
700 1# - ADDED ENTRY--PERSONAL NAME
Personal name Beiro Álvarez, Luis,
Dates associated with a name 1950-
Relator term editor
700 1# - ADDED ENTRY--PERSONAL NAME
Personal name Matos, Tulio
Relator term ilustrador
910 ## - USER-OPTION DATA (OCLC)
User-option data VMateo V. Control de calidad. BPMSU
942 ## - ADDED ENTRY ELEMENTS (KOHA)
Source of classification or shelving scheme Dewey Decimal Classification
Koha item type Libros
Existencias
Withdrawn status Lost status Source of classification or shelving scheme Damaged status Not for loan Collection code Home library Current library Date acquired Total Checkouts Full call number Barcode Date last seen Price effective from Koha item type
    Dewey Decimal Classification     Colección Infantil Dominicana Biblioteca Pública Metropolitana Salomé Ureña Biblioteca Pública Metropolitana Salomé Ureña 03/04/2024   BPMSU CDI RD863.44 V443j 2021 BPMSU24030001 03/04/2024 03/04/2024 Libros